000 00562nam a22001817a 4500
999 _c525690
_d525690
003 NUST
020 _qPB/K
038 _aFaiza
082 _a891.43935491
_bRAS
100 _aAmjid, Rashid
_916633
245 _aPakistani Adab 1990 /
_cRashid Amjid
260 _aIslamabad :
_bAcademy Adabiat Pakistan,
_c1991.
300 _a583 p. ;
880 _6100-01\r
_aرشید امجد
880 _6245-02\r
_aپاکستانی ادب ۱۹۹۰ء /
880 _6260-03\r
_aاسلام آباد :
_bاکادمی ادبیاتِ پاکستان,
_c۱۹۹۱.
942 _2ddc
_cBK